| 000 | 01029nam1a22002531 4500 | ||
|---|---|---|---|
| 001 | rc\4609732 | ||
| 005 | 20251208124215.0 | ||
| 035 | _a(NLR Aleph) 008392997 | ||
| 090 |
_a9188926 _c9188926 |
||
| 100 | _a20130416d1964 |||y0rusy50 ca | ||
| 101 | 0 | _arus | |
| 102 | _aRU | ||
| 105 | _a z ||||| | ||
| 200 | 1 |
_aМатериалы семинара "Очистка деталей с помощью ультразвука" _fПод ред. канд. техн. наук О.И. Бабикова _gЛенингр. обл. отд-ние о-ва "Знание". Ленингр. дом науч.-техн. пропаганды. Ч. 1- |
|
| 210 |
_aЛенинград _cБ. и. _d1964 |
||
| 215 | _d21 | ||
| 702 | 1 |
_aБабиков _bО. И. _4340 |
|
| 710 | 1 | 2 |
_a"Очистка деталей с помощью ультразвука", семинар _f1964 _eЛенинград _3RU\NLR\AUTH\880596209 |
| 801 | 0 |
_aRU _bNLR _gpsbo |
|
| 801 | 1 |
_aRU _bELAR _2rusmarc |
|
| 852 |
_aNLR _j64-6/5388 |
||
| 942 | _cBOOK | ||
| 980 | _aNB | ||